00263pab a2200109 454500008004000000245003500040260000900075300000900084362000900093650003300102773001800135180718b1990 xxu||||| |||| 00| 0 eng d aStatus of women and employment c1990 a3-94 aJun. aWomen - Legal Status - India aSocial Change